• 首页
  • 本馆介绍
  • 公告通知
  • 最新文献
  • 馆藏检索
  • 电子资源
  • 读者导购
  • 参考咨询
  • 我的图书馆
  • 登录
  • 详细信息显示
  • 放入我的书架
  • 预约/预借图书
  • 作者相关作品
  • 分类相关作品
  • 丛书相关作品
  • 出版社相关作品

书目信息

  • 表格格式
  • 工作单格式
  • 卡片格式
题名:
爱因斯坦与大科学的诞生
    
 
作者: 科尔斯 著 ;李醒民 译
分册:  
出版信息: 北京   北京大学出版社  2005
页数: 38,101页
开本: 21cm
丛书名: 后现代交锋丛书
单 册:
中图分类: K837.126.11=532 , G3
科图分类:
主题词: 科学 , 科学研究
电子资源:
ISBN: 7-301-08479-X
000 01093oam2 2200301 450
001 1538840273
005 20150126104757.20
010    @a7-301-08479-X@dCNY12.80
100    @a20050508d2005 em y0chiy50 ea
101 1  @achi@ceng
102    @aCN@b110000
105    @aa z 000yy
200 1  @a爱因斯坦与大科学的诞生@9ai yin si tan yu da ke xue de dan sheng@f(英)彼得·科尔斯(Peter Coles)著@g李醒民译
210    @a北京@c北京大学出版社@d2005
215    @a38,101页@c照片,图@d21cm
225 2  @a后现代交锋丛书
330    @a本书不仅简单地介绍了爱因斯坦的关键观念,而且对“大科学”和大众文化之间的社会学冲突提供了迷人的洞察,这些冲突在今天像它们在爱因斯坦时代一样真实。
461  0 @12001 @a后现代交锋丛书
510 1  @aEinstein and the Birth of Big Science@zeng
600  0 @a爱因斯坦@c(Einstein, Albert@f1879-1955)@x思想评论
606 0  @a科学
606 0  @a科学研究
690    @aK837.126.11=532@v5
690    @aG3@v4
701  0 @c(英)@a科尔斯@9ke er si@c(Coles, Peter)@4著
702  0 @a李醒民@9li xing min@f(1945~)@4译
801  0 @aCN@bTSSF@c20150126
905    @aZUCC@dG3@eJY25
    
    爱因斯坦与大科学的诞生/(英)彼得·科尔斯(Peter Coles)著/李醒民译.-北京:北京大学出版社,2005
    38,101页:照片,图;21cm.-(后现代交锋丛书)
    
    
    ISBN 7-301-08479-X:CNY12.80
    本书不仅简单地介绍了爱因斯坦的关键观念,而且对“大科学”和大众文化之间的社会学冲突提供了迷人的洞察,这些冲突在今天像它们在爱因斯坦时代一样真实。
●
相关链接 在E读中查询图书 在五车中查询图书 在当当中查询图书 在豆瓣中查询图书


正题名:爱因斯坦与大科学的诞生     索取号:G3/JY25         预约/预借

序号 登录号 条形码 馆藏地/架位号 状态 备注
1 7859795   278597957   学院路分馆/ [索取号:G3/JY25] 在馆    
2 7859796   278597966   学院路分馆/ [索取号:G3/JY25] 在馆    
唐山师范学院图书馆 欢迎您!
大连网信软件有限公司© 版权所有